000 00559cam a22002171 4500
001 sa 67004727
003 DLC
005 20260227112350.0
008 890706s1966 ii 000 0 urdr
010 _asa 67004727
035 _a(OCoLC)19968561
040 _aDLC
_cWaU
_dDLC
042 _apremarc
050 0 0 _aBP173.4
_b.R34
100 1 _aRaḥmānī, ʻAbduṣṣamad.
245 1 0 _aIslām men̲ ʻaurat kā maqām.
260 _c[1966?]
300 _a144 p. (p. 138-144 advertisements)
_c18 cm.
500 _aIn Urdu.
650 0 _aWomen in Islam.
999 _c74721
_d74721